| Tag |
First Indicator |
Second Indicator |
Subfields |
| LEADER |
00000cam a2200000 i 4500 |
| 001 |
in00005710113 |
| 005 |
20260318192522.0 |
| 006 |
m o d |
| 007 |
cr ||||||||||| |
| 008 |
130724s2013 nyua fob 001 0 eng d |
| 040 |
|
|
|a StDuBDS
|b eng
|e pn
|c AUD
|d OCLCO
|d OCLCF
|d OCL
|d OCLCQ
|d OCL
|d STBDS
|d FIE
|d OCLCA
|d BUF
|d U3W
|d YOU
|d OCLCQ
|d OCLCO
|d K6U
|d OCLCO
|d OCLCQ
|d OCLCO
|d OCLCL
|
| 020 |
|
|
|a 9780199344901
|q (ebook)
|
| 020 |
|
|
|a 0199344906
|q (ebook)
|
| 035 |
|
|
|a (OCoLC)862126684
|
| 043 |
|
|
|a n-us---
|
| 050 |
|
4 |
|a JK1220
|b .T54 2013
|
| 082 |
0 |
4 |
|a 328.73071
|2 23
|
| 049 |
|
|
|a TXAM
|
| 100 |
1 |
|
|a Theriault, Sean M.,
|d 1972-
|e author.
|1 https://id.oclc.org/worldcat/entity/E39PCjJVK6GtvM83byTKMHWvBK
|
| 245 |
1 |
4 |
|a The Gingrich senators :
|b the roots of partisan warfare in Congress /
|c Sean M. Theriault.
|
| 260 |
|
|
|a New York :
|b Oxford University Press,
|c 2013.
|
| 300 |
|
|
|a 1 online resource :
|b illustrations (black and white)
|
| 336 |
|
|
|a text
|b txt
|2 rdacontent
|
| 337 |
|
|
|a computer
|b c
|2 rdamedia
|
| 338 |
|
|
|a online resource
|b cr
|2 rdacarrier
|
| 504 |
|
|
|a Includes bibliographical references and index.
|
| 520 |
8 |
|
|a In this book, noted political scientist Sean Theriault documents how former House members, who learned politics at the knee of Newt Gingrich, have been behind the transformation of the US Senate from the venerated chamber of the 1950s into the partisan battleground that is regularly the scorn of even the senators themselves.
|
| 588 |
0 |
|
|a Online resource; title from home page (viewed on August 2, 2013).
|
| 500 |
|
|
|a Available through University Press Scholarship Online (SHEDL).
|
| 610 |
1 |
0 |
|a United States.
|b Congress.
|b Senate
|x History.
|
| 610 |
2 |
0 |
|a Republican Party (U.S. : 1854- )
|x History.
|
| 610 |
1 |
6 |
|a États-Unis.
|b Congress.
|b Senate
|x Histoire.
|
| 610 |
2 |
7 |
|a Republican Party (U.S. : 1854- )
|2 fast
|
| 610 |
1 |
7 |
|a United States.
|b Congress.
|b Senate
|2 fast
|
| 650 |
|
0 |
|a Legislators
|z United States
|x History.
|
| 651 |
|
0 |
|a United States
|x Politics and government
|y 20th century.
|
| 651 |
|
0 |
|a United States
|x Politics and government
|y 21st century.
|
| 650 |
|
6 |
|a Parlementaires
|z États-Unis
|x Histoire.
|
| 651 |
|
6 |
|a États-Unis
|x Politique et gouvernement
|y 20e siècle.
|
| 651 |
|
6 |
|a États-Unis
|x Politique et gouvernement
|y 21e siècle.
|
| 650 |
|
7 |
|a Legislators
|2 fast
|
| 650 |
|
7 |
|a Politics and government
|2 fast
|
| 651 |
|
7 |
|a United States
|2 fast
|1 https://id.oclc.org/worldcat/entity/E39PBJtxgQXMWqmjMjjwXRHgrq
|
| 648 |
|
7 |
|a 1900-2099
|2 fast
|
| 655 |
|
7 |
|a Electronic books.
|2 local
|
| 655 |
|
7 |
|a History
|2 fast
|
| 776 |
0 |
8 |
|i Print version
|z 9780199307456
|
| 856 |
4 |
0 |
|u http://proxy.library.tamu.edu/login?url=https://academic.oup.com/book/3816
|z Connect to the full text of this electronic book
|t 0
|
| 936 |
|
|
|a BATCHLOAD
|
| 955 |
|
|
|a Oxford Scholarship Online
|
| 994 |
|
|
|a 92
|b TXA
|
| 999 |
f |
f |
|i 7a603230-4b61-40be-a7ae-874928a62ccd
|s 84b7462c-a7ee-44f2-8859-a78b41683eb2
|t 0
|
| 952 |
f |
f |
|a Texas A&M University
|b College Station
|c Electronic Resources
|s www_evans
|d Available Online
|t 0
|e JK1220 .T54 2013
|h Library of Congress classification
|
| 998 |
f |
f |
|a JK1220 .T54 2013
|t 0
|l Available Online
|